| Tag |
First Indicator |
Second Indicator |
Subfields |
| LEADER |
00000cam a2200000Ma 4500 |
| 001 |
in00000545331 |
| 005 |
20231027195342.9 |
| 008 |
810908s1977 tu abef b 000 0 ger d |
| 019 |
|
|
|a 945226781
|a 1049425114
|a 1263990111
|
| 035 |
|
|
|a (OCoLC)ocn977683966
|
| 035 |
|
|
|a (OCoLC)977683966
|z (OCoLC)945226781
|z (OCoLC)1049425114
|z (OCoLC)1263990111
|
| 040 |
|
|
|a CNUTO
|b eng
|c CNUTO
|d OCLCQ
|d OCLCO
|d OCLCQ
|d OCLCF
|d BUB
|d TXA
|
| 043 |
|
|
|a a-tu---
|
| 050 |
|
4 |
|a NA251E8
|b K6
|
| 090 |
|
|
|a DS51.S35
|b K56 1977
|
| 100 |
1 |
|
|a Knoblauch, Paul.
|
| 245 |
1 |
4 |
|a Die Hafenanlagen und die anschliessenden Seemauern von Side /
|c Paul Knoblauch.
|
| 264 |
|
1 |
|a Ankara :
|b Türk Tarih Kurumu Basimevi,
|c 1977.
|
| 300 |
|
|
|a vi, 58 pages, 74 pages of plates :
|b illustrations, map, plans.
|
| 336 |
|
|
|a text
|b txt
|2 rdacontent
|
| 337 |
|
|
|a unmediated
|b n
|2 rdamedia
|
| 338 |
|
|
|a volume
|b nc
|2 rdacarrier
|
| 490 |
1 |
|
|a Antalya bölgesi araştırmaları ;
|v Sa. 11
|
| 490 |
1 |
|
|a Türk Tarih Kurumu yayınları. 5. dizi ;
|v Sa. 35
|
| 504 |
|
|
|a Includes bibliographical references (pages 47-49).
|
| 583 |
|
|
|a commitment to retain
|c 20151208
|2 pda
|5 OTUTLD
|
| 650 |
|
0 |
|a Architecture, Ancient
|z Turkey
|z Side (Antalya İli)
|
| 650 |
|
0 |
|a Excavations (Archaeology)
|z Turkey
|z Side (Antalya İli)
|
| 651 |
|
0 |
|a Side (Extinct city)
|x Antiquities.
|
| 650 |
|
7 |
|a Architecture, Ancient.
|2 fast
|0 (OCoLC)fst00813609
|
| 830 |
|
0 |
|a Antalya bölgesi araştırmaları ;
|v Sa. 11.
|
| 830 |
|
0 |
|a Türk Tarih Kurumu yayınlarından.
|n V. dizi ;
|v sa. 35.
|
| 948 |
|
|
|h HELD BY TXA - 7 OTHER HOLDINGS
|
| 994 |
|
|
|a Z0
|b TXA
|
| 999 |
f |
f |
|s 2a30ae5b-d14e-3f4f-895d-8af1b40a4057
|i 2127131b-0eb7-3942-a3d9-696e88a45be4
|t 0
|
| 952 |
f |
f |
|p ric
|a Texas A&M University
|b Rellis Campus
|c Joint Library Facility
|d Remote Storage
|t 0
|e DS51.S35 K56 1977
|h Library of Congress classification
|i unmediated -- volume
|m A14808896745
|
| 952 |
f |
f |
|p noncirc
|a Texas A&M University
|b College Station
|c Sterling C. Evans Library
|d Bodrum (located in Turkey)
|t 0
|e DS51.S35 K56 1977
|h Library of Congress classification
|i unmediated -- volume
|
| 998 |
f |
f |
|a DS51.S35 K56 1977
|t 0
|l Bodrum (located in Turkey)
|
| 998 |
f |
f |
|a DS51.S35 K56 1977
|t 0
|l Remote Storage
|